|
|
|
|
| LEADER |
00000nam0a2200000 4500 |
| 001 |
48699 |
| 005 |
20231031032123.0 |
| 035 |
|
|
|a (RuTPU)RU\TPU\book\51001
|
| 090 |
|
|
|a 48699
|
| 100 |
|
|
|a 20030320d1980 km y0rusy50 ca
|
| 101 |
0 |
|
|a rus
|
| 102 |
|
|
|a RU
|
| 105 |
|
|
|a a g 001zy
|
| 200 |
1 |
|
|a Справочник контролера машиностроительного завода
|e Допуски, посадки, линейные измерения
|f А. Н. Виноградов, Ю. А. Воробьев, Л. Н. Воронцов и др.
|g Под ред. А. И. Якушева
|
| 205 |
|
|
|a 3-е изд., перераб. и доп.
|
| 210 |
|
|
|a Москва
|c Машиностроение
|d 1980
|
| 215 |
|
|
|a 527 с.
|c ил.
|
| 225 |
1 |
|
|a Серия справочников для рабочих
|
| 320 |
|
|
|a Библиогр.: с. 516-517
|
| 320 |
|
|
|a Предм. указ.: с. 518-527
|
| 610 |
1 |
|
|a машиностроение
|
| 610 |
1 |
|
|a допуски
|
| 610 |
1 |
|
|a посадки
|
| 610 |
1 |
|
|a линейные измерения
|
| 610 |
1 |
|
|a взаимозаменяемость
|
| 610 |
1 |
|
|a детали
|
| 610 |
1 |
|
|a цилиндрические соединения
|
| 610 |
1 |
|
|a подшипники качения
|
| 610 |
1 |
|
|a размерные цепи
|
| 610 |
1 |
|
|a зубчатые передачи
|
| 610 |
1 |
|
|a контроль
|
| 610 |
1 |
|
|a измерительные средства
|
| 610 |
1 |
|
|a измерения
|
| 610 |
1 |
|
|a результаты
|
| 610 |
1 |
|
|a справочники
|
| 610 |
1 |
|
|a обработка
|
| 675 |
|
|
|a 621-182(035)
|v 3
|
| 675 |
|
|
|a 621.002.56(035)
|v 3
|
| 701 |
|
1 |
|a Виноградов
|b А. Н.
|g Анатолий Никифорович
|
| 701 |
|
1 |
|a Воробьев
|b Ю. А.
|g Юрий Александрович
|
| 701 |
|
1 |
|a Воронцов
|b Л. Н.
|g Лев Николаевич
|
| 701 |
|
1 |
|a Зябрева
|b Н. Н.
|
| 701 |
|
1 |
|a Якушев
|b А. И.
|
| 702 |
|
1 |
|a Якушев
|b А. И.
|4 340
|
| 801 |
|
1 |
|a RU
|b 63413507
|c 20030320
|g PSBO
|
| 801 |
|
2 |
|a RU
|b 63413507
|c 20190410
|g PSBO
|
| 942 |
|
|
|c BK
|